000 00391pab a2200157 454500
008 180718b1962 xxu||||| |||| 00| 0 eng d
100 _aDeshpande, R.A.
245 _aPricing policy of public enterprises
260 _c1962
300 _ap.52-74.
362 _aJan-Mar
650 _aPublic sector
773 _aIndian Journal of Public Administration
908 _aN
909 _a100413
999 _c100412
_d100412